000 00486nam a2200169Ia 4500
005 20250326124414.0
008 250326s9999 xx 000 0 und d
037 _aTextbook
040 _aFMSL
_beng
_cFMSL
041 _aeng
_2eng
084 _aX:75 K8
_qFMSL
245 0 _afive year municipal development plans
260 _aNew Delhi
_bNew Delhi, Indian Institute Of Public Administration
_c1968
300 _a140p
942 _cTB
_hX:75 K8
999 _c1273590
_d1273590